| 000 | 01163nam a2200301Ia 4500 | ||
|---|---|---|---|
| 999 |
_c4514 _d4514 |
||
| 003 | OSt | ||
| 005 | 20200529153438.0 | ||
| 008 | 191128s9999 xx 000 0 und d | ||
| 020 | _a9789584267283 | ||
| 040 |
_aCO-JMCR _cCO-JMCR |
||
| 041 | _aspa | ||
| 082 |
_aC / _bRIVu |
||
| 100 |
_aRivera Caicedo, Camila, autora _94873 |
||
| 245 | 0 | _aUn bosque encantado y el misterio del agua / | |
| 245 | 0 | _cCamila Rivera, Daniel Roa, Tatiana Samper ; ilustrado por Alejandra Céspedes | |
| 250 | _aPrimera edición | ||
| 260 | _aBogotá | ||
| 260 | _bPlaneta Junior | ||
| 260 | _c2018 | ||
| 300 | _a102 páginas | ||
| 300 | _b principalmente ilustraciones a color | ||
| 300 | _c 22 cm. x 27 cm. + 1 CD | ||
| 500 | _aIncluye datos biográficos de los autores | ||
| 520 | _aEl agua y los colores han desaparecido de la aldea Arco Iris. Dos hermanos, Aluna y Karún, deberán recorrer el Bosque Encantado para resolver este misterio y descubrir sus poderes interiores. | ||
| 650 |
_aCuentos infantiles colombianos _94874 |
||
| 799 | _aRoa Concha, Daniel, autor ; Samper Restrepo, Tatiana, autora ; Céspedes, Alejandra, ilustradora | ||
| 942 |
_2ddc _cBK |
||